وقائع وأحلام فى مهرجانات الأفلام التسجيلية و القصيرة / (Record no. 14151)
[ view plain ]
| 000 -الفاتح | |
|---|---|
| حقل البيانات ثابتة الطول | 00936nam a22002537a 4500 |
| 003 - محدد رقم الضبط | |
| رقم الضبط | OSt |
| 005 - وقت وتاريخ اخر تعامل مع التسجيلة | |
| رقم الضبط | 20150830101721.0 |
| 008 - عناصر البيانات ثابتة الطول - معلومات عامة | |
| حقل البيانات ثابتة الطول | 100622s2006 ua|||| fr||| 00010 aaradd |
| 020 ## - الرقم الدولى المعيارى للكتب | |
| الرقم الدولى المعيارى للكتاب | 9773059472 |
| 040 ## - مصدر الفهرسة | |
| وكالة الفهرسة الأصلية | EG-ScBUE |
| لغة الفهرسة | ara |
| وكالة النسخ | EG-ScBUE |
| 082 04 - رقم تصنيف ديوى العشرى | |
| رقم التصنيف | 070.18 |
| رقم المادة | ا ل ن |
| رقم الطبعة | 22 |
| 100 1# - المدخل الرئيسى - إسم شخصى | |
| الإسم الشخصى | النحاس، هاشم |
| 9 (RLIN) | 15007 |
| 245 ## - بيان العنوان | |
| العنوان | وقائع وأحلام فى مهرجانات الأفلام التسجيلية و القصيرة / |
| بيان المسئوليه,etc | هاشم النحاس . |
| 260 ## - PUBLICATION, DISTRIBUTION, ETC. (IMPRINT) | |
| مكان الناشر او الموزع | القاهرة: |
| اسم الناشر او الموزع | العهيئة العامة لقصور الثقافة ، |
| تاريخ النشر أو التوزيع | 2006. |
| 300 ## - الوصف المادى | |
| التعداد | 195ص؛ |
| أبعاد الوعاء | 24سم. |
| 490 ## - بيان السلسلة | |
| عنوان السلسلة | آفاق السينما |
| رقم المجلد/ التعيين التسلسلي | 48. |
| 500 ## - تبصرة عامة | |
| تبصرة عامة | يشتمل على كشاف |
| 541 ## - تبصرة المصدر المباشر للتزويد | |
| مصدر التزويد | علاء عبد الغنى ؛ |
| طريقة التزويد | إهداء؛ |
| 590 ## - تبصرة محلية(RLIN) | |
| تبصرة محلية | doaa mohamed |
| 650 ## - المدخل الاضافى بالموضوع-مصطلح موضوعى | |
| 9 (RLIN) | 15009 |
| مصطلح موضوعي أو اسم جغرافي كعنصر مدخل | الافلام السينمائية |
| التقسيم الفرعي العام | مهرجانات |
| مصدر الرأس أو المصطلح | BUEsh |
| 651 ## - المدخل الاضافى بالموضوع - اسم جغرافى | |
| مصدر الرأس أو المصطلح | BUEsh |
| 653 ## - مصطلح تكشيفى غير مقيد | |
| Arrived date list | August2015 |
| 942 ## - عناصر المدخل الإضافي( كوها) | |
| مصدر التصنيف او مخطط الترفيف | Dewey Decimal Classification |
| Koha [default] item type | Book - Borrowing |
| سابقة رقم الطلب | 070.18 ا ل ن |
| حالة التراجع | حالة الفقد | مصدر التصنيف او خطة الترفيف | حالة تلف | ليس للاعارة | مجموعات كوها | المكان الدائم | المكان الحالي | موقع الترفيف | تاريخ الاكتساب | Source of acquisition | رقم الاستدعاء | الباركود | Date last seen | نوع الوعاء |
|---|---|---|---|---|---|---|---|---|---|---|---|---|---|---|
| Dewey Decimal Classification | Central Library | Central Library | Lower Floor | 22/06/2010 | Donation | 070.18 ا ل ن | 000021023 | 15/07/2025 | Book - Borrowing | |||||
| Dewey Decimal Classification | Central Library | Central Library | Lower Floor | 24/06/2010 | Donation | 070.18 ا ل ن | 000021205 | 15/07/2025 | Book - Borrowing | |||||
| Dewey Decimal Classification | Central Library | Central Library | Lower Floor | 24/06/2010 | Donation | 070.18 ا ل ن | 000021024 | 15/07/2025 | Book - Borrowing | |||||
| Dewey Decimal Classification | Central Library | Central Library | Lower Floor | 24/06/2010 | Donation | 070.18 ا ل ن | 000021203 | 15/07/2025 | NB - Book (Non borrowing) | |||||
| Dewey Decimal Classification | Central Library | Central Library | Lower Floor | 30/08/2015 | Purchase | 070.18 ا ل ن | 000021204 | 15/07/2025 | Book - Borrowing | |||||
| Dewey Decimal Classification | Donation-Gift | Central Library | Central Library | Lower Floor | 20/10/2020 | Donation | 070.18 ا ل ن | 000049887 | 15/07/2025 | Book - Borrowing |